Normal view
MARC view
Entry Personal Name
001 - CONTROL NUMBER
- control field: 45227
003 - CONTROL NUMBER IDENTIFIER
- control field: dpl
005 - DATE AND TIME OF LATEST TRANSACTION
- control field: 20120417132020.0
008 - FIXED-LENGTH DATA ELEMENTS
- fixed length control field: 120417|||a|||||| | ||| d
040 ## - CATALOGING SOURCE
- Original cataloging agency: dpl
- Transcribing agency: dpl
100 ## - HEADING--PERSONAL NAME
- Personal name: Rathaur, Manjula
670 ## - SOURCE DATA FOUND
- Source citation: Work cat.: (dpl): Rathaur, Manjula, Unmarried working women, marriage and career :, 1990
670 ## - SOURCE DATA FOUND
- Source citation: Work cat.: (dpl): Rathaur, Manjula, Unmarried working women, marriage and career :, 1990
